00994nam a2200241Ia 450000100060000000300090000600800410001504000130005604000130006904100130008210000180009510000290011324500790014224500300022125000110025126000090026226000100027126000490028130000410033050003210037165000290069265000310072116822IT-RoPAU130308s9999 xx 000 0 und d aIT-RoPAU cIT-RoPAU aITALIANO aZammit Edward gCodice Aut. SPICS: 31796 aPrincipi e aspetti tecnici per letrasmissioni radiofoniche oltre frontiera bRicerche Sulla Radiofonia a1a ed. aROMA bSPICS c1984 [1° Ed.:1984 - Ed.Ling.Originale:1984] a"16 p. (prefazione: no ; testo: 16)" aCaratteristiche delle Trasmissioni Oltre Frontiera Trasmettitore Trasmissione Intelligibile Ascoltatore Comunicazione delle Idee Tramite Il Suono e le Parole tono Scrivere per Trasmissione all'estero Trasmissioni Non Scritteinterviste reportage Discussioni Trasmissione di Suono composto e di Musica Sulle Onde Corte aELABORATI STUDENTI SPICS eCodice materia Spics: 9905